| 000 | 01355cam a2200313 a 4500 | ||
|---|---|---|---|
| 999 |
_c12367 _d12367 |
||
| 003 | OSt | ||
| 005 | 20240117104857.0 | ||
| 008 | 920205s1992 enk b 001 0 eng | ||
| 020 | _a9780631183020 | ||
| 043 |
_ae-uk-en _an-us-ny |
||
| 082 | 0 | 0 |
_a370.3 _220 _bSUS |
| 245 | 0 | 0 |
_aDivided cities : _bNew York & London in the contemporary world / _cedited by Susan S. Fainstein, Ian Gordon & Michael Harloe. |
| 260 |
_aOxford, UK ; _aCambridge, MA : _bBlackwell, _c1992. |
||
| 300 |
_axvi, 293 p. ; _c24 cm. |
||
| 440 | 0 | _aStudies in urban and social change | |
| 504 | _aIncludes bibliographical references (p. [269]-285) and index. | ||
| 650 | 0 |
_aUrban policy _zNew York (State) _zNew York _xCross-cultural studies. |
|
| 650 | 0 |
_aUrban policy _zEngland _zLondon _xCross-cultural studies. |
|
| 650 | 0 |
_aUrban renewal _zNew York (State) _zNew York _xCross-cultural studies. |
|
| 650 | 0 |
_aUrban renewal _zEngland _zLondon _xCross-cultural studies. |
|
| 651 | 0 |
_aNew York (N.Y.) _xEconomic conditions _xCross-cultural studies. |
|
| 651 | 0 |
_aLondon (England) _xEconomic conditions _xCross-cultural studies. |
|
| 651 | 0 |
_aNew York (N.Y.) _xSocial conditions _xCross-cultural studies. |
|
| 651 | 0 |
_aLondon (England) _xSocial conditions _xCross-cultural studies. |
|
| 700 | 1 | _aFainstein, Susan S. | |
| 700 | 1 | _aGordon, Ian. | |
| 700 | 1 | _aHarloe, Michael. | |
| 942 | _2ddc | ||